[Event "XXVI Festival Isola d'Elba A"]
[Site "Capoliveri ITA"]
[Date "2008.05.15"]
[Round "6"]
[White "Paleologu, Vladimir"]
[Black "Csala, Imre"]
[Result "0-1"]
[WhiteElo "2170"]
[BlackElo "2254"]
[PlyCount "85"]
[EventDate "2008.05.10"]

1. e4 g6 2. d4 Bg7 3. Nc3 d6 4. f4 Nc6 5. Bb5 Bd7 6. Nge2 a6 7. Bxc6 bxc6 8.
O-O Qb8 9. Kh1 Bg4 10. h3 Bxe2 11. Nxe2 Nf6 12. Ng3 Nd7 13. Rf3 c5 14. d5 c4
15. Qe2 Nb6 16. c3 c5 17. Nf1 f5 18. exf5 gxf5 19. Rg3 O-O 20. Qxe7 Rf7 21. Qe6
Qf8 22. Ne3 Kh8 23. Nxc4 Nxc4 24. Qe2 Nb6 25. Qd3 Re7 26. Be3 Re4 27. Rb1 Qf7
28. Rd1 Bf6 29. b4 Nc4 30. Rb1 Rae8 31. Bg1 Na3 32. Rf1 c4 33. Qd1 Nb5 34. Qa4
Nxc3 35. Qxa6 Qxd5 36. b5 Nxb5 37. Qa5 Nc3 38. Qxd5 Nxd5 39. Rd1 Nxf4 40. Rxd6
Bd8 41. Rd1 Ne2 42. Rf3 c3 43. Bh2 0-1

[Event "XXVI Festival Isola d'Elba A"]
[Site "Capoliveri ITA"]
[Date "2008.05.15"]
[Round "6"]
[White "Papa, Angelo"]
[Black "Mazzetta, Renato"]
[Result "1/2-1/2"]
[WhiteElo "1874"]
[BlackElo "1908"]
[PlyCount "63"]
[EventDate "2008.05.10"]

1. d4 d5 2. Nf3 Nf6 3. c4 e6 4. cxd5 exd5 5. Bg5 Be7 6. Qc2 c6 7. e3 Nbd7 8.
Bd3 h6 9. Bh4 O-O 10. Nc3 Re8 11. O-O Nf8 12. Bxf6 Bxf6 13. b4 Be6 14. Rab1 Rc8
15. Rfc1 g6 16. a4 Nd7 17. Qd2 Bg7 18. a5 a6 19. Na4 Qf6 20. Nc5 Rc7 21. Nxe6
Qxe6 22. b5 c5 23. bxa6 bxa6 24. dxc5 Nxc5 25. Rb6 Qc8 26. g3 Ne4 27. Rxc7 Nxd2
28. Rxc8 Nxf3+ 29. Kg2 Ne1+ 30. Kf1 Rxc8 31. Kxe1 Bc3+ 32. Ke2 1/2-1/2

[Event "XXVI Festival Isola d'Elba A"]
[Site "Capoliveri ITA"]
[Date "2008.05.15"]
[Round "6"]
[White "Proia, Gaetano"]
[Black "Luciani, Carlo"]
[Result "0-1"]
[WhiteElo "2026"]
[BlackElo "2256"]
[PlyCount "54"]
[EventDate "2008.05.10"]

1. e4 e5 2. Nf3 Nc6 3. Bb5 a6 4. Bxc6 dxc6 5. O-O Qd6 6. Na3 Be6 7. Qe2 f6 8.
Nc4 Qd7 9. Rd1 c5 10. c3 Qf7 11. b3 O-O-O 12. d4 cxd4 13. cxd4 Bxc4 14. bxc4
exd4 15. Rxd4 Rxd4 16. Nxd4 Bd6 17. Nf5 Be5 18. Rb1 Ne7 19. Ne3 Nc6 20. Bb2 Nd4
21. Bxd4 Bxd4 22. Nf5 Rd8 23. Qg4 Kb8 24. e5 fxe5 25. Qf3 e4 26. Qxe4 c5 27.
Qc6 Bxf2+ 0-1

[Event "XXVI Festival Isola d'Elba A"]
[Site "Capoliveri ITA"]
[Date "2008.05.15"]
[Round "6"]
[White "Rigo, Janos"]
[Black "Gromovs, Sergejs"]
[Result "1/2-1/2"]
[WhiteElo "2298"]
[BlackElo "2339"]
[PlyCount "181"]
[EventDate "2008.05.10"]

1. e4 d6 2. d4 Nf6 3. f3 Nc6 4. Be3 e5 5. d5 Nb8 6. c4 Be7 7. Bd3 O-O 8. Ne2 a5
9. Nbc3 Nbd7 10. a3 Nc5 11. Bc2 Na6 12. Rb1 c5 13. O-O Bd7 14. Ng3 g6 15. h3
Ne8 16. Qd2 Ng7 17. f4 Bh4 18. Nce2 b5 19. b3 Qe7 20. fxe5 dxe5 21. Rf3 Qd6 22.
cxb5 Bxb5 23. Nc3 Bd7 24. Rbf1 Bd8 25. Bd3 f6 26. Bc4 Be7 27. Nb5 Bxb5 28. Bxb5
Nc7 29. Bc6 Rab8 30. Rc1 Nge6 31. Qxa5 Rxb3 32. Ne2 Rb2 33. Rf2 Rfb8 34. Qe1
Nd4 35. Nc3 Nxc6 36. dxc6 Qxc6 37. Qd1 Kg7 38. Qa4 Qxa4 39. Nxa4 Rxf2 40. Bxf2
Ra8 41. Nxc5 Rxa3 42. Rd1 Kf7 43. Rd7 Ra1+ 44. Kh2 Ne6 45. Nxe6 Kxe6 46. Ra7
Rxa7 47. Bxa7 f5 48. exf5+ gxf5 49. Kg3 Kd5 50. Kf3 Bc5 51. Bb8 Bd6 52. Ba7 e4+
53. Ke2 f4 54. Bb6 Ke5 55. Bd8 Kf5 56. Kf2 Be5 57. Ke2 Bf6 58. Ba5 Kg5 59. Bc7
Bb2 60. Bd8+ Kh5 61. Bc7 Kg5 62. Bd8+ Bf6 63. Bc7 Kf5 64. Bd6 Bg5 65. Bc7 Kg6
66. Ba5 Kh5 67. Bb4 Bh4 68. Bd6 Bg3 69. Be7 h6 70. Bd8 Bh4 71. Bc7 Bg5 72. Ba5
Bf6 73. Bc7 Kg5 74. Bb8 Kf5 75. Bc7 Be5 76. Ba5 Kg5 77. Bd8+ Kg6 78. Ba5 Bf6
79. Bc7 Bg5 80. Bd6 Kf5 81. Bb4 Bh4 82. Bd6 Bg3 83. Bc7 Bh2 84. Bd8 Bg1 85. Be7
Be3 86. Bd8 Bc1 87. Be7 Kg6 88. Bd8 Kf5 89. Be7 Bb2 90. Bd8 Bf6 91. Bc7 1/2-1/2

[Event "XXVI Festival Isola d'Elba A"]
[Site "Capoliveri ITA"]
[Date "2008.05.15"]
[Round "6"]
[White "Scipioni, Gaetano"]
[Black "Brunello, Marina"]
[Result "0-1"]
[WhiteElo "2124"]
[BlackElo "2035"]
[PlyCount "92"]
[EventDate "2008.05.10"]

1. d4 d5 2. Bf4 Nf6 3. e3 e6 4. Nf3 c5 5. c3 Nc6 6. Nbd2 Bd6 7. Bg3 a6 8. Bd3
b6 9. Ne5 Bxe5 10. dxe5 Nd7 11. f4 Bb7 12. O-O Qe7 13. a4 O-O-O 14. Qe2 c4 15.
Bc2 f5 16. b3 cxb3 17. Bd3 Nc5 18. Rfb1 Na5 19. Nf3 Rdg8 20. Nd4 g5 21. Rb2 h5
22. Be1 Qd7 23. Ra3 gxf4 24. exf4 Rg6 25. Bh4 Rhg8 26. Bg5 h4 27. Nxb3 Nxd3 28.
Qxd3 Nc4 29. Raa2 Nxb2 30. Rxb2 Qxa4 31. Nd4 b5 32. h3 Qc4 33. Qe3 Qc7 34. Bxh4
Qa5 35. Qc1 Kb8 36. Bg5 Rc8 37. Rc2 Rc4 38. Qb2 Qb6 39. Kh2 Ka7 40. h4 b4 41.
h5 Rg8 42. Kg3 Bc8 43. Kf3 Qc5 44. Ne2 d4 45. Nc1 dxc3 46. Qa2 Bb7+ 0-1

[Event "XXVI Festival Isola d'Elba A"]
[Site "Capoliveri ITA"]
[Date "2008.05.16"]
[Round "7"]
[White "Giacometto, Mario"]
[Black "Codenotti, Marco"]
[Result "1-0"]
[WhiteElo "1925"]
[BlackElo "2063"]
[PlyCount "49"]
[EventDate "2008.05.10"]

1. e4 d6 2. d4 Nf6 3. Nc3 g6 4. Bg5 Bg7 5. f4 O-O 6. Qd2 c6 7. h3 b5 8. Bd3 b4
9. Nd1 c5 10. c3 Qb6 11. Nf3 Nbd7 12. O-O cxd4 13. cxd4 e5 14. fxe5 dxe5 15.
Be3 exd4 16. Bxd4 Qb8 17. Nf2 a5 18. e5 Nd5 19. Ng4 h5 20. Nh6+ Kh8 21. Qg5 Ba6
22. Be4 Bb7 23. Nxf7+ Rxf7 24. Qxg6 Kg8 25. Ng5 1-0

[Event "XXVI Festival Isola d'Elba A"]
[Site "Capoliveri ITA"]
[Date "2008.05.16"]
[Round "7"]
[White "Gromovs, Sergejs"]
[Black "Horton-Kitchlew, Andrew"]
[Result "1-0"]
[WhiteElo "2339"]
[BlackElo "2105"]
[PlyCount "75"]
[EventDate "2008.05.10"]

1. d4 d6 2. e4 c6 3. c4 g6 4. Nc3 Bg7 5. f4 Qb6 6. Nge2 Bg4 7. a3 e6 8. Be3 Ne7
9. Qd2 d5 10. Nc1 f5 11. h3 Bh5 12. e5 Nd7 13. cxd5 Nxd5 14. Nxd5 cxd5 15. Bd3
h6 16. Na2 g5 17. g4 gxf4 18. Bf2 fxg4 19. hxg4 Bf7 20. Rc1 Qb3 21. Nc3 a6 22.
Qxf4 Qxb2 23. O-O Qb3 24. Rb1 Qxa3 25. Rxb7 O-O 26. Qg3 Rac8 27. Nxd5 Kh8 28.
Nf4 Rfd8 29. Qe3 Rc3 30. Qe4 Kg8 31. Bh4 Rxd3 32. Qxd3 Qa5 33. Bxd8 Qxd8 34.
Qe4 Nf8 35. Rxf7 Kxf7 36. Nxe6+ Kxe6 37. Qf5+ Kd5 38. Qf3+ 1-0

[Event "XXVI Festival Isola d'Elba A"]
[Site "Capoliveri ITA"]
[Date "2008.05.16"]
[Round "7"]
[White "Mazzetta, Renato"]
[Black "Kopischke, Maik"]
[Result "1-0"]
[WhiteElo "1908"]
[BlackElo "1949"]
[PlyCount "79"]
[EventDate "2008.05.10"]

1. e4 d6 2. Nc3 Nf6 3. g3 g6 4. Bg2 Bg7 5. h3 Nc6 6. Nge2 e5 7. d3 O-O 8. O-O
Bd7 9. Be3 Re8 10. Qd2 Qe7 11. Bg5 Qf8 12. f4 exf4 13. gxf4 Nh5 14. f5 Bf6 15.
Bxf6 Nxf6 16. fxg6 fxg6 17. Nd5 Re6 18. Nxc7 Rae8 19. Nxe8 Rxe8 20. Qg5 Kg7 21.
Ng3 Re5 22. Qd2 Qc8 23. Kh2 Nd4 24. c3 Ne6 25. d4 Rb5 26. d5 Nc5 27. Qg5 Ng8
28. Nh5+ Kh8 29. Nf6 Rxb2 30. Nxd7 Qxd7 31. Rf8 Nxe4 32. Qe3 Qe7 33. Raf1 Qe5+
34. Kg1 Nxc3 35. Qxe5+ dxe5 36. d6 Ne2+ 37. Kh2 Nf4 38. R1xf4 exf4 39. d7 f3
40. d8=Q 1-0

[Event "XII Festival A"]
[Site "Salsomaggiore Terme ITA"]
[Date "2008.05.16"]
[Round "2"]
[White "Barletta, Mauro"]
[Black "Annoni, Riccardo"]
[Result "1-0"]
[WhiteElo "2205"]
[BlackElo "2068"]
[PlyCount "43"]
[EventDate "2008.05.16"]

1. e4 c5 2. Nf3 e6 3. d3 Nc6 4. g3 g6 5. Bg2 Bg7 6. O-O Nge7 7. c3 O-O 8. Re1
b5 9. d4 cxd4 10. cxd4 d5 11. e5 Qb6 12. Nc3 Nf5 13. Ne2 h5 14. Bg5 a5 15. Qd2
b4 16. h3 Ba6 17. Rad1 Kh7 18. g4 hxg4 19. hxg4 Nh6 20. Qf4 Bxe2 21. Rxe2 Qb8
22. Qh2 1-0

[Event "XII Festival A"]
[Site "Salsomaggiore Terme ITA"]
[Date "2008.05.17"]
[Round "3"]
[White "Annoni, Riccardo"]
[Black "Guzzetti, Luigi Enrico"]
[Result "1-0"]
[WhiteElo "2068"]
[BlackElo "1954"]
[PlyCount "111"]
[EventDate "2008.05.16"]

1. d4 Nf6 2. Bg5 g6 3. Nc3 Bg7 4. e4 d6 5. Qd2 h6 6. Bf4 c6 7. O-O-O b5 8. f3
a5 9. g4 b4 10. Nce2 Qb6 11. Ng3 a4 12. h4 Be6 13. g5 hxg5 14. hxg5 Rxh1 15.
gxf6 Bxf6 16. Nxh1 Bxa2 17. e5 Bg7 18. Nf2 a3 19. b3 Nd7 20. Bh3 e6 21. Ne4
dxe5 22. dxe5 Nxe5 23. Nd6+ Kf8 24. Bxe5 Bxe5 25. Nc4 Qc7 26. Ne2 Bg7 27. Nd4
c5 28. Nb5 Qe7 29. f4 Qf6 30. Qd6+ Kg8 31. Qe5 Qh4 32. Qe3 Bh6 33. Rf1 Qf6 34.
Qe5 Bg7 35. Qxf6 Bxf6 36. Ne5 Rd8 37. Rd1 Rxd1+ 38. Kxd1 Bxb3 39. Kc1 Bd5 40.
Nc7 Be4 41. Ne8 Bh8 42. Nd6 Bd5 43. Ndxf7 Bf6 44. Ng5 c4 45. Bxe6+ Bxe6 46.
Nxe6 Kh7 47. Kb1 Bxe5 48. fxe5 Kg8 49. Ng5 Kf8 50. Ka2 Ke7 51. c3 b3+ 52. Kxa3
Ke8 53. Ne4 Ke7 54. Nd2 g5 55. Nxc4 g4 56. Ne3 1-0

[Event "XII Festival A"]
[Site "Salsomaggiore Terme ITA"]
[Date "2008.05.17"]
[Round "4"]
[White "Ljubisavljevic, Zivojin Z."]
[Black "Annoni, Riccardo"]
[Result "1-0"]
[WhiteElo "2267"]
[BlackElo "2068"]
[PlyCount "79"]
[EventDate "2008.05.16"]

1. e4 c5 2. f4 e6 3. Nf3 d5 4. Bb5+ Bd7 5. Bxd7+ Nxd7 6. exd5 exd5 7. O-O Bd6
8. d4 c4 9. Nc3 Ne7 10. Ne5 f6 11. Qh5+ g6 12. Nxg6 Nxg6 13. f5 Qb6 14. Re1+
Kf7 15. fxg6+ hxg6 16. Qxd5+ Kg7 17. h3 Rh5 18. Qxc4 Ne5 19. Qb3 Qxd4+ 20. Be3
Qb4 21. Rad1 Qxb3 22. axb3 Bb4 23. Bd4 Nc6 24. Bf2 Ne5 25. Re4 Bxc3 26. bxc3
Rc8 27. c4 a6 28. Bg3 b5 29. cxb5 axb5 30. Rd2 Rc3 31. Be1 Rc5 32. Bf2 Rc7 33.
Bd4 Nc6 34. Bb2 Ne5 35. Rde2 Rc5 36. R4e3 Nc6 37. g4 Rhd5 38. Kg2 Nd4 39. Rf2
Rxc2 40. Rd3 1-0

[Event "XII Festival A"]
[Site "Salsomaggiore Terme ITA"]
[Date "2008.05.17"]
[Round "4"]
[White "Porpora, Ivano"]
[Black "Bonugli, Carlo"]
[Result "0-1"]
[WhiteElo "1542"]
[BlackElo "2030"]
[PlyCount "71"]
[EventDate "2008.05.16"]

1. e4 e6 2. d4 d5 3. Nc3 Nf6 4. e5 Nfd7 5. f4 c5 6. Nf3 Nc6 7. Be3 cxd4 8. Nxd4
Bc5 9. Nxc6 bxc6 10. Bxc5 Nxc5 11. Be2 Qb6 12. Rb1 Nd7 13. Bg4 a5 14. Ne2 Ba6
15. Qd4 c5 16. Qf2 O-O 17. O-O f6 18. exf6 Nxf6 19. Bf3 Rae8 20. Rfe1 e5 21.
Nc3 e4 22. Be2 Bxe2 23. Nxe2 Ng4 24. Qg3 c4+ 25. Kh1 Nf2+ 26. Kg1 Nd3+ 27. Kf1
Nxe1 28. Qxe1 d4 29. Qf2 e3 30. Qf3 Qd6 31. g3 d3 32. cxd3 cxd3 33. Rd1 dxe2+
34. Kxe2 Qa6+ 35. Rd3 Rd8 36. Qe4 0-1

[Event "XII Festival A"]
[Site "Salsomaggiore Terme ITA"]
[Date "2008.05.18"]
[Round "5"]
[White "Annoni, Riccardo"]
[Black "Musumeci, Valentino"]
[Result "1-0"]
[WhiteElo "2068"]
[BlackElo "1967"]
[PlyCount "93"]
[EventDate "2008.05.16"]

1. d4 d5 2. c4 e6 3. Nc3 Nf6 4. cxd5 exd5 5. Bg5 Be7 6. e3 c6 7. Bd3 Bg4 8. Qb1
Nbd7 9. b4 a6 10. a4 O-O 11. h3 Bh5 12. Nge2 Bg6 13. Bxg6 hxg6 14. O-O Re8 15.
b5 axb5 16. axb5 Nf8 17. bxc6 bxc6 18. Rc1 Ne6 19. Bh4 Qd7 20. Bg3 Bd6 21. Bxd6
Qxd6 22. Qc2 Ng5 23. Nf4 Rxa1 24. Rxa1 Nge4 25. Rc1 Rc8 26. Na4 g5 27. Nd3 Nd7
28. Nac5 Ndxc5 29. Nxc5 Nxc5 30. Qxc5 Qxc5 31. Rxc5 f5 32. f3 Kf7 33. Kf2 Ke6
34. e4 dxe4 35. fxe4 g6 36. Kf3 Kf6 37. exf5 gxf5 38. d5 Rc7 39. dxc6 Ke6 40.
Ke3 Kf6 41. Kd4 Ke6 42. Kc4 g4 43. hxg4 fxg4 44. Kb5 Kd6 45. Kb6 Rc8 46. c7 Kd7
47. Rd5+ 1-0

[Event "XII Festival A"]
[Site "Salsomaggiore Terme ITA"]
[Date "2008.05.18"]
[Round "5"]
[White "Pipitone, Antonio"]
[Black "Porpora, Ivano"]
[Result "1/2-1/2"]
[WhiteElo "1999"]
[BlackElo "1542"]
[PlyCount "54"]
[EventDate "2008.05.16"]

1. e4 d6 2. d4 g6 3. Nf3 Bg7 4. Be2 Nf6 5. Nc3 O-O 6. O-O Nbd7 7. h3 e5 8. Be3
exd4 9. Bxd4 Nc5 10. e5 Nfe4 11. exd6 Nxc3 12. bxc3 Qxd6 13. Bd3 Be6 14. Re1
Rad8 15. Qe2 Rfe8 16. Qe3 Nxd3 17. cxd3 Bxd4 18. Nxd4 Bd7 19. Qf3 b6 20. Rxe8+
Rxe8 21. Qd1 c5 22. Nf3 Bb5 23. d4 Be2 24. Qe1 Kf8 25. Ne5 cxd4 26. cxd4 Qxd4
27. Nc6 Qe4 1/2-1/2

[Event "XII Festival A"]
[Site "Salsomaggiore Terme ITA"]
[Date "2008.05.18"]
[Round "6"]
[White "Bellavita, Guido"]
[Black "Annoni, Riccardo"]
[Result "1-0"]
[WhiteElo "2098"]
[BlackElo "2068"]
[PlyCount "59"]
[EventDate "2008.05.16"]

1. c4 e5 2. Nc3 Nc6 3. g3 g6 4. Bg2 Bg7 5. e3 d6 6. Nge2 Be6 7. d3 Qd7 8. Nd5
Nd8 9. e4 c6 10. Ne3 Bh3 11. O-O h5 12. f4 h4 13. f5 Bxg2 14. Kxg2 hxg3 15.
Nxg3 Bh6 16. Ng4 Qe7 17. fxg6 Bxc1 18. Nf5 Qd7 19. gxf7+ Nxf7 20. Rxc1 O-O-O
21. Rc2 Ne7 22. Kh1 Kb8 23. Rg2 Rdf8 24. Nf6 Qe6 25. Ng7 Qc8 26. Qg4 Qxg4 27.
Rxg4 Kc8 28. Ne6 Nh6 29. Nxf8 Rxf8 30. Rgg1 1-0

[Event "XII Festival A"]
[Site "Salsomaggiore Terme ITA"]
[Date "2008.05.18"]
[Round "6"]
[White "Porpora, Ivano"]
[Black "Bussa, Paolo"]
[Result "1/2-1/2"]
[WhiteElo "1542"]
[BlackElo "1903"]
[PlyCount "53"]
[EventDate "2008.05.16"]

1. e4 c6 2. d4 d5 3. Nc3 dxe4 4. Nxe4 Bf5 5. Ng3 Bg6 6. Nf3 Nd7 7. Bd3 Bxd3 8.
Qxd3 Ngf6 9. O-O e6 10. Re1 Bd6 11. Nf5 Bf8 12. Bf4 Qa5 13. Bd6 g6 14. Bxf8
gxf5 15. Bg7 Rg8 16. Bxf6 Nxf6 17. Re5 Qb6 18. Qxf5 Ng4 19. Ree1 O-O-O 20. Qxh7
Qc7 21. Ne5 Nxe5 22. dxe5 Rh8 23. Qe4 Qe7 24. g3 Rh3 25. f4 Qc5+ 26. Qe3 Qxc2
27. Re2 1/2-1/2

[Event "II Festival Capo d'Orso"]
[Site "Portomannu - Palau ITA"]
[Date "2008.05.17"]
[Round "1"]
[White "Adrian, Claude"]
[Black "Brunello, Sabino"]
[Result "0-1"]
[WhiteElo "2279"]
[BlackElo "2475"]
[PlyCount "84"]
[EventDate "2008.05.17"]

1. c4 Nf6 2. Nc3 c5 3. Nf3 e6 4. g3 b6 5. e4 Bb7 6. Qe2 Nc6 7. Bg2 d6 8. O-O
Be7 9. d3 Ng4 10. Ne1 h5 11. h3 Nd4 12. Qd1 Ne5 13. f4 Nec6 14. Be3 g5 15. f5
Bf6 16. fxe6 fxe6 17. e5 dxe5 18. Ne4 Be7 19. Nf3 g4 20. hxg4 hxg4 21. Nfg5 Qd7
22. Nf7 Nf5 23. Rxf5 exf5 24. Nxh8 Nd4 25. Ng6 fxe4 26. Nxe7 Kxe7 27. dxe4 Rf8
28. Bxd4 Qxd4+ 29. Qxd4 exd4 30. Rf1 Rxf1+ 31. Kxf1 Ba6 32. b3 b5 33. cxb5
Bxb5+ 34. Ke1 Kd6 35. Kd2 a5 36. Kc2 Ke5 37. Kd2 a4 38. bxa4 Bxa4 39. Bf1 Kxe4
40. Be2 Bd7 41. a4 Bxa4 42. Bxg4 c4 0-1

[Event "II Festival Capo d'Orso"]
[Site "Portomannu - Palau ITA"]
[Date "2008.05.17"]
[Round "1"]
[White "Ambrosanio, Raffaele"]
[Black "Klings, Peter"]
[Result "0-1"]
[WhiteElo "1946"]
[BlackElo "2173"]
[PlyCount "118"]
[EventDate "2008.05.17"]

1. c4 e6 2. Nf3 Nf6 3. g3 d5 4. Bg2 dxc4 5. O-O Be7 6. Qa4+ Nbd7 7. Qxc4 a6 8.
d4 b5 9. Qc2 Bb7 10. Bd2 c5 11. dxc5 Be4 12. Qd1 Bxc5 13. Nc3 Bc6 14. a3 O-O
15. Rc1 Rc8 16. Bf4 Re8 17. Qc2 e5 18. Bd2 e4 19. Nh4 e3 20. fxe3 Rxe3 21. Kh1
Re5 22. Bxc6 Rxc6 23. Qd3 Rd6 24. Qc2 Rh5 25. Nf3 Qa8 26. Bf4 Re6 27. Kg2 g5
28. b4 Bf8 29. Kf2 Ng4+ 30. Ke1 gxf4 31. gxf4 Nxh2 32. Rg1+ Rg6 33. Rxg6+ hxg6
34. Ng5 Ng4 35. Qb3 Nh6 36. Kd2 Be7 37. Nce4 Nf6 38. Nc3 Qb8 39. e3 Rh2+ 40.
Ne2 Qd6+ 41. Qd3 Nf5 42. Rc8+ Kg7 43. Qxd6 Bxd6 44. Kd3 Ng4 45. e4 Nf2+ 46. Kc3
Ne3 47. e5 Be7 48. Nf3 Rh3 49. Ned4 Nf5 50. Kc2 Nxd4+ 51. Nxd4 Rd3 52. Nc6 Rd7
53. Ra8 Nh3 54. Rxa6 Nxf4 55. Na7 Rd5 56. Nc6 Bf8 57. a4 Nd3 58. Kb3 Nxe5 59.
axb5 Rxb5 0-1

[Event "II Festival Capo d'Orso"]
[Site "Portomannu - Palau ITA"]
[Date "2008.05.17"]
[Round "1"]
[White "Bondielli, Giorgio"]
[Black "Hilarius, Sander"]
[Result "1-0"]
[WhiteElo "1927"]
[BlackElo "2145"]
[PlyCount "64"]
[EventDate "2008.05.17"]

1. e4 e5 2. Nf3 Nc6 3. d4 exd4 4. Bc4 Nf6 5. O-O Bc5 6. c3 dxc3 7. Nxc3 O-O 8.
Bg5 h6 9. Bh4 Be7 10. Qe2 d6 11. h3 Nd7 12. Bxe7 Qxe7 13. Nd5 Qd8 14. Rac1 Nf6
15. Qc2 Bd7 16. a3 Rc8 17. Bb3 Nxd5 18. Bxd5 Qf6 19. Qd3 Nd8 20. b4 Re8 21.
Rfe1 c6 22. Ba2 Be6 23. Bb1 g6 24. Qxd6 Qe7 25. Qg3 Qc7 26. Qh4 Kg7 27. e5 Qe7
28. Qg3 Kh7 29. h4 h5 30. Ng5+ Kg7 31. Ne4 Bd7 32. Nd6 Ne6 1-0

[Event "II Festival Capo d'Orso"]
[Site "Portomannu - Palau ITA"]
[Date "2008.05.17"]
[Round "1"]
[White "Bruno, Fabio"]
[Black "Bove, Alessandro"]
[Result "1-0"]
[WhiteElo "2450"]
[BlackElo "2215"]
[PlyCount "39"]
[EventDate "2008.05.17"]

1. Nf3 Nf6 2. c4 Nc6 3. g3 g6 4. Bg2 Bg7 5. Nc3 d6 6. O-O O-O 7. Rb1 Bg4 8. h3
Bf5 9. d3 e5 10. e4 Bd7 11. Be3 Qc8 12. Kh2 Nh5 13. d4 f5 14. exf5 gxf5 15. Ng5
Qe8 16. dxe5 f4 17. Bd5+ Kh8 18. Bf7 Nxg3 19. Bxe8 Nxf1+ 20. Qxf1 1-0

[Event "II Festival Capo d'Orso"]
[Site "Portomannu - Palau ITA"]
[Date "2008.05.17"]
[Round "1"]
[White "Burlando, Alessandro"]
[Black "Del Nevo, Claudio"]
[Result "1-0"]
[WhiteElo "2141"]
[BlackElo "1913"]
[PlyCount "83"]
[EventDate "2008.05.17"]

1. d4 d6 2. c4 Nf6 3. Nc3 g6 4. e4 Bg7 5. f3 O-O 6. Be3 c6 7. Bd3 Nbd7 8. Nge2
b6 9. Qd2 Bb7 10. h4 h5 11. O-O-O e5 12. d5 a6 13. dxc6 Bxc6 14. Bc2 Ne8 15. g4
Ndf6 16. Ng3 b5 17. gxh5 Qa5 18. hxg6 fxg6 19. Bb3 bxc4 20. Bxc4+ d5 21. exd5
Nd6 22. Bb3 Bb5 23. Nge4 Qc7 24. Kb1 Nfxe4 25. Nxe4 Rxf3 26. Ng5 Rf6 27. Ne6
Qf7 28. Qb4 Nf5 29. Bg5 Bf8 30. Nxf8 Qxf8 31. d6+ Kg7 32. Bxf6+ Qxf6 33. Qe4
Rd8 34. Rhe1 Rxd6 35. Rxd6 Qxd6 36. Bc2 Kf6 37. h5 Bc6 38. Qg4 Be8 39. hxg6
Bxg6 40. Rg1 Bh7 41. Qg5+ Ke6 42. Rd1 1-0

[Event "II Festival Capo d'Orso"]
[Site "Portomannu - Palau ITA"]
[Date "2008.05.17"]
[Round "1"]
[White "Byron, Alan M."]
[Black "De Vreugt, Dennis"]
[Result "0-1"]
[WhiteElo "2201"]
[BlackElo "2403"]
[PlyCount "106"]
[EventDate "2008.05.17"]

1. d4 Nf6 2. Nf3 e6 3. Bg5 h6 4. Bxf6 Qxf6 5. e4 d6 6. Nc3 Nd7 7. Be2 c6 8. O-O
e5 9. d5 Be7 10. Nd2 Nb6 11. a4 a5 12. Bg4 O-O 13. Bxc8 Rfxc8 14. Ra3 Bd8 15.
dxc6 bxc6 16. Qe2 d5 17. Nd1 Qe6 18. Ne3 Bg5 19. Rfa1 Rab8 20. Rb3 g6 21. g3 f5
22. Qa6 Bd8 23. exf5 gxf5 24. Qe2 Bc7 25. g4 fxg4 26. Qxg4+ Qxg4+ 27. Nxg4 Kg7
28. Rh3 e4 29. Nxh6 Bf4 30. Nf5+ Kf6 31. Ne3 Nd7 32. b3 Ne5 33. Ndf1 Rg8+ 34.
Rg3 Bxg3 35. hxg3 Ke6 36. Re1 Rbf8 37. Re2 Kd6 38. Nh2 Rh8 39. Kg2 Rh7 40. Nef1
Nf3 41. Re3 Nxh2 42. Nxh2 Rxh2+ 43. Kxh2 Rxf2+ 44. Kh3 Rxc2 45. g4 Ke5 46. g5
Kf5 47. Rg3 Kg6 48. Kg4 c5 49. Rg1 Rf2 50. Rc1 e3 51. Kg3 d4 52. Rxc5 d3 53.
Re5 d2 0-1

[Event "II Festival Capo d'Orso"]
[Site "Portomannu - Palau ITA"]
[Date "2008.05.17"]
[Round "1"]
[White "Carola, Paolo"]
[Black "Guanciale, Orazio"]
[Result "0-1"]
[WhiteElo "1958"]
[BlackElo "2182"]
[PlyCount "66"]
[EventDate "2008.05.17"]

1. e4 e5 2. Nf3 f5 3. Nxe5 Qf6 4. Nc4 fxe4 5. Nc3 Qf7 6. d4 Nf6 7. Ne5 Qe6 8.
Bc4 d5 9. Bb3 Nc6 10. O-O Bd6 11. Nxc6 bxc6 12. f3 Ba6 13. Re1 O-O 14. Nxe4
Nxe4 15. Rxe4 Qf6 16. c3 Kh8 17. Rg4 Bc8 18. Bg5 Qg6 19. Be7 Bxg4 20. Bxf8 Bh3
21. Qc2 Bf5 22. Bxg7+ Kxg7 23. Qd2 Rf8 24. Re1 h5 25. c4 dxc4 26. Bxc4 h4 27.
Re2 Qf6 28. d5 Bc5+ 29. Kh1 Rd8 30. Qf4 Rd7 31. Rd2 Re7 32. g4 Be3 33. Qxf5
Qxf5 0-1

[Event "II Festival Capo d'Orso"]
[Site "Portomannu - Palau ITA"]
[Date "2008.05.17"]
[Round "1"]
[White "Chiarotto, Filippo"]
[Black "Zuccarelli, Angelo"]
[Result "1-0"]
[WhiteElo "2084"]
[BlackElo "1865"]
[PlyCount "83"]
[EventDate "2008.05.17"]

1. e4 e5 2. Bc4 Bc5 3. Nf3 Nc6 4. c3 d6 5. b4 Bb6 6. a4 a6 7. Qb3 Qe7 8. d3 h6
9. Be3 Nf6 10. Bxb6 cxb6 11. Nbd2 Nh5 12. O-O-O Nf4 13. g3 Ne6 14. Nh4 g6 15.
Ng2 Bd7 16. Ne3 Nc7 17. f4 b5 18. axb5 axb5 19. Bd5 Be6 20. Bxe6 fxe6 21. Kb2
Qd7 22. Rhf1 Rf8 23. Nb1 Ke7 24. Na3 Ra6 25. fxe5 Nxe5 26. Rxf8 Kxf8 27. Rf1+
Kg7 28. Qc2 Ra8 29. d4 Nc6 30. Qf2 Qe7 31. Qe2 Na7 32. h4 Rf8 33. Rxf8 Qxf8 34.
Ng2 Qf6 35. e5 dxe5 36. dxe5 Qd8 37. Nf4 Qd7 38. Qe4 Qd2+ 39. Nc2 Nd5 40. Qxg6+
Kh8 41. Qxh6+ Kg8 42. Qxe6+ 1-0

[Event "II Festival Capo d'Orso"]
[Site "Portomannu - Palau ITA"]
[Date "2008.05.17"]
[Round "1"]
[White "Cocchi, Andrea"]
[Black "Marin, Mihail"]
[Result "1/2-1/2"]
[WhiteElo "2316"]
[BlackElo "2556"]
[PlyCount "98"]
[EventDate "2008.05.17"]

1. Nf3 g6 2. c4 Bg7 3. Nc3 c5 4. g3 b6 5. Bg2 Bb7 6. O-O Nf6 7. d4 cxd4 8. Nxd4
Bxg2 9. Kxg2 Qc8 10. b3 Qb7+ 11. f3 O-O 12. e4 d6 13. Bg5 Nbd7 14. Qd2 a6 15.
Rac1 Rac8 16. Rfd1 Rfe8 17. Qe3 Rc5 18. Nd5 b5 19. Nxf6+ Nxf6 20. cxb5 axb5 21.
Rxc5 dxc5 22. Ne2 Qc6 23. Qd2 h5 24. Bxf6 Bxf6 25. Qd7 Qa8 26. Qxb5 Rb8 27.
Qxc5 Qxa2 28. Kf2 Qxb3 29. Rd2 e6 30. Qc2 Qb6+ 31. Kg2 Ra8 32. Qd3 Qb4 33. Qc2
Ra7 34. Rd1 Kg7 35. Nf4 Qa5 36. Qd2 Qa4 37. Qe2 Rc7 38. Nd3 Bg5 39. Ne1 Rc4 40.
Rd3 Qc6 41. Kh3 Bf6 42. Rd2 Ra4 43. Nd3 g5 44. Nf2 Bd4 45. Rc2 Qb6 46. Kg2 Bxf2
47. Qxf2 Qxf2+ 48. Kxf2 g4 49. h3 gxf3 1/2-1/2

[Event "II Festival Capo d'Orso"]
[Site "Portomannu - Palau ITA"]
[Date "2008.05.17"]
[Round "1"]
[White "Danieli, Enrico"]
[Black "Porzio, Massimo"]
[Result "1/2-1/2"]
[WhiteElo "2119"]
[BlackElo "1896"]
[PlyCount "46"]
[EventDate "2008.05.17"]

1. d4 Nf6 2. Nf3 c5 3. e3 d5 4. Bd3 e6 5. O-O Bd6 6. c3 O-O 7. Nbd2 Qc7 8. Re1
Nbd7 9. a3 h6 10. b4 cxb4 11. cxb4 Nb6 12. Bb2 Qe7 13. Ne5 Bd7 14. Nxd7 Qxd7
15. e4 dxe4 16. Nxe4 Nxe4 17. Rxe4 Na4 18. Qe2 Nxb2 19. Qxb2 Rfd8 20. Rg4 Bf8
21. Rd1 Rac8 22. Qe2 Rc3 23. Qd2 Rdc8 1/2-1/2

[Event "II Festival Capo d'Orso"]
[Site "Portomannu - Palau ITA"]
[Date "2008.05.17"]
[Round "1"]
[White "De Cristofano, Fabrizio"]
[Black "Neri, Angelo"]
[Result "1/2-1/2"]
[WhiteElo "1736"]
[BlackElo "1986"]
[PlyCount "26"]
[EventDate "2008.05.17"]

1. e4 e6 2. d4 d5 3. Nd2 c5 4. exd5 Qxd5 5. dxc5 Bxc5 6. Ngf3 Nf6 7. Bc4 Qd8 8.
O-O O-O 9. Qe2 Qc7 10. Ne4 Be7 11. Bg5 Nbd7 12. Rfe1 b6 13. Rad1 Bb7 1/2-1/2